<?xml version="1.0" encoding="UTF-8"?>
<record
    xmlns:xsi="http://www.w3.org/2001/XMLSchema-instance"
    xsi:schemaLocation="http://www.loc.gov/MARC21/slim http://www.loc.gov/standards/marcxml/schema/MARC21slim.xsd"
    xmlns="http://www.loc.gov/MARC21/slim">

  <leader>00787nam a22001937a 4500</leader>
  <datafield tag="999" ind1=" " ind2=" ">
    <subfield code="c">20721</subfield>
    <subfield code="d">20721</subfield>
  </datafield>
  <controlfield tag="005">20200124071529.0</controlfield>
  <controlfield tag="008">200124b        xxu||||| |||| 00| 0 spa d</controlfield>
  <datafield tag="040" ind1=" " ind2=" ">
    <subfield code="a">CO-BoIAVH </subfield>
    <subfield code="c">CO-BoIAVH </subfield>
  </datafield>
  <datafield tag="041" ind1=" " ind2=" ">
    <subfield code="a">fre</subfield>
  </datafield>
  <datafield tag="044" ind1=" " ind2=" ">
    <subfield code="a">cr</subfield>
  </datafield>
  <datafield tag="082" ind1=" " ind2=" ">
    <subfield code="a">595.37</subfield>
    <subfield code="b">L31c</subfield>
  </datafield>
  <datafield tag="100" ind1=" " ind2=" ">
    <subfield code="a">Lara Hern&#xE1;ndez, Luis R&#xF3;lier</subfield>
  </datafield>
  <datafield tag="245" ind1=" " ind2=" ">
    <subfield code="a">Camarones dulceacu&#xED;colas</subfield>
    <subfield code="b">(Decapoda; palaemonidae) de la cuenca del r&#xED;o Grande de T&#xE9;rraba Costa Rica</subfield>
    <subfield code="c">Luis R&#xF3;lier Lara hern&#xE1;ndez</subfield>
  </datafield>
  <datafield tag="260" ind1=" " ind2=" ">
    <subfield code="a">Costa Rica,</subfield>
    <subfield code="b">Proyecto Hidroel&#xE9;ctrico El Diqu&#xED;s,</subfield>
    <subfield code="b"> ICE Unidad de Gesti&#xF3;n Ambiental - &#xC1;rea Bi&#xF3;tica,</subfield>
    <subfield code="c">2009</subfield>
  </datafield>
  <datafield tag="300" ind1=" " ind2=" ">
    <subfield code="a">39 p&#xE1;ginas,</subfield>
    <subfield code="b">Fotografias, ilustraciones y mapas</subfield>
    <subfield code="c">27.7 x 21.5 cm</subfield>
  </datafield>
  <datafield tag="650" ind1=" " ind2="0">
    <subfield code="a">Camarones</subfield>
    <subfield code="z">Costa Rica</subfield>
  </datafield>
  <datafield tag="650" ind1=" " ind2="0">
    <subfield code="a">Clasificaci&#xF3;n</subfield>
    <subfield code="v">Taxon&#xF3;mica</subfield>
    <subfield code="x">Camarones</subfield>
  </datafield>
  <datafield tag="942" ind1=" " ind2=" ">
    <subfield code="2">ddc</subfield>
    <subfield code="c">LIBRO</subfield>
  </datafield>
  <datafield tag="952" ind1=" " ind2=" ">
    <subfield code="0">0</subfield>
    <subfield code="1">0</subfield>
    <subfield code="2">ddc</subfield>
    <subfield code="4">0</subfield>
    <subfield code="7">0</subfield>
    <subfield code="8">GENERAL</subfield>
    <subfield code="a">Bogota</subfield>
    <subfield code="b">Bogota</subfield>
    <subfield code="d">2020-01-24</subfield>
    <subfield code="l">0</subfield>
    <subfield code="o">LB-595.37 L31c</subfield>
    <subfield code="p">043988</subfield>
    <subfield code="r">2020-01-24 00:00:00</subfield>
    <subfield code="t">Ej. 1</subfield>
    <subfield code="w">2020-01-24</subfield>
    <subfield code="x">Donacion</subfield>
    <subfield code="y">LIBRO</subfield>
  </datafield>
</record>
